[Event "Pombal op 13th"]
[Site "Pombal"]
[Date "2022.10.05"]
[Round "2"]
[White "Mendes, Alberto Achiles Gas"]
[Black "Almeida, Joao Pedro Dias"]
[Result "1/2-1/2"]
[WhiteElo "1618"]
[BlackElo "1901"]
[PlyCount "135"]
[EventDate "2022.09.28"]
[EventType "swiss"]
[EventRounds "9"]
[EventCountry "POR"]
[SourceTitle "EXT 2024"]
[Source "ChessBase"]
[SourceDate "2023.10.10"]
[SourceVersion "1"]
[SourceVersionDate "2023.10.10"]
[SourceQuality "1"]

1. e4 e5 2. f4 exf4 3. Nf3 h6 4. Bc4 d6 5. c3 g5 6. d4 Bg7 7. b4 Bg4 8. Qd3 Ne7 9. Bb2 Nd7 10. Nbd2 Nb6 11. Bb3 d5 12. 0-0 dxe4 13. Nxe4 Nbd5 14. Bxd5 Nxd5 15. Nc5 0-0 16. Nxb7 Qc8 17. Nc5 Ne3 18. Rf2 Bf5 19. Qa6 Qd8 20. Re1 g4 21. Ne5 Qh4 22. Rxe3 Bc8 23. Qe2 fxe3 24. Qxe3 Bxe5 25. Qxe5 Qg5 26. Qxg5+ hxg5 27. Re2 Be6 28. Bc1 Bc4 29. Rf2 Rae8 30. Rc2 f6 31. Kf2 Rf7 32. Kg3 Re2 33. Rxe2 Bxe2 34. Kf2 Re7 35. Be3 Bc4 36. a3 Kg7 37. g3 Kf7 38. Na4 Ke6 39. Nb2 Ba6 40. c4 Kf5 41. b5 Bb7 42. d5 a6 43. a4 Re4 44. Ke2 axb5 45. axb5 Re8 46. Kd3 Ra8 47. Kd4 Ra2 48. Bc1 Ra1 49. Nd3 Kg6 50. Kc3 Ra8 51. Nc5 Bc8 52. Bb2 f5 53. Nd3 Bb7 54. Ne5+ Kh5 55. Bc1 Re8 56. Kd4 Ra8 57. Nf7 Ra1 58. Be3 Ra2 59. Nxg5 Rxh2 60. Ne6 Rg2 61. Bf4 Rg1 62. Nxc7 Kg6 63. Ne6 Kf6 64. Kc5 Bc8 65. Kd6 Bxe6 66. Be5+ Kf7 67. dxe6+ Ke8 68. c5 1/2-1/2

[Event "Lisbon Check Mate op 1st"]
[Site "Lisbon"]
[Date "2013.08.11"]
[Round "3.14"]
[White "Mendes, Alberto Achiles Gas"]
[Black "Silva, Flavio Artur Cardos"]
[Result "0-1"]
[WhiteElo "1811"]
[BlackElo "1930"]
[PlyCount "120"]
[EventDate "2013.08.10"]
[EventType "swiss"]
[EventRounds "7"]
[EventCountry "POR"]
[SourceTitle "EXT 2015"]
[Source "ChessBase"]
[SourceDate "2014.11.20"]
[SourceVersion "1"]
[SourceVersionDate "2014.11.20"]
[SourceQuality "1"]

1. e4 c5 2. Nf3 d5 3. exd5 Qxd5 4. Be2 Nf6 5. d3 Nc6 6. 0-0 e6 7. Bf4 a6 8. Qc1 Be7 9. Nc3 Qd8 10. a4 b6 11. Rd1 Nd4 12. Nxd4 cxd4 13. Bf3 Ra7 14. Ne2 Bb7 15. Bxb7 Rxb7 16. Be5 Bc5 17. Qf4 Rd7 18. Ng3 0-0 19. Re1 Re8 20. Bxf6 Qxf6 21. Qxf6 gxf6 22. Nh5 Be7 23. g4 Rc8 24. Re2 Rdc7 25. Rc1 b5 26. axb5 axb5 27. Kf1 h6 28. Ke1 Rc5 29. f4 f5 30. h3 R8c6 31. Kd1 fxg4 32. hxg4 f5 33. Rg2 fxg4 34. Rxg4+ Kf8 35. Ng3 h5 36. Rg6 Kf7 37. f5 h4 38. Ne4 exf5 39. Rxc6 Rxc6 40. Nf2 Re6 41. c3 dxc3 42. bxc3 b4 43. cxb4 Bxb4 44. Rc7+ Kf6 45. Nh3 Re3 46. Nf4 Bd6 47. Nd5+ Ke5 48. Re7+ Bxe7 49. Nxe3 f4 50. Nf1 f3 51. Ke1 Bc5 52. Nh2 Kf4 53. Nf1 h3 54. Kd2 Bg1 55. Ke1 h2 56. Nxh2 Bxh2 57. d4 Ke4 58. Kf2 Bg3+ 59. Kxg3 Ke3 60. d5 f2 0-1

[Event "Lisbon Check Mate op 1st"]
[Site "Lisbon"]
[Date "2013.08.10"]
[Round "1.9"]
[White "Silva, Miguel Antonio Neto"]
[Black "Mendes, Alberto Achiles Gas"]
[Result "1-0"]
[WhiteElo "2111"]
[BlackElo "1811"]
[PlyCount "115"]
[EventDate "2013.08.10"]
[EventType "swiss"]
[EventRounds "7"]
[EventCountry "POR"]
[SourceTitle "EXT 2015"]
[Source "ChessBase"]
[SourceDate "2014.11.20"]
[SourceVersion "1"]
[SourceVersionDate "2014.11.20"]
[SourceQuality "1"]

1. Nf3 Nc6 2. d4 e6 3. e4 d5 4. e5 f6 5. Bf4 fxe5 6. Nxe5 Nxe5 7. Bxe5 Nf6 8. Bd3 Bd6 9. c4 dxc4 10. Qa4+ Bd7 11. Qxc4 Bxe5 12. dxe5 Nd5 13. 0-0 0-0 14. g3 Qe7 15. Be4 Bc6 16. Nc3 Rad8 17. Rad1 Qf7 18. Bxd5 Bxd5 19. Nxd5 Rxd5 20. Rxd5 exd5 21. Qc3 a6 22. f4 g6 23. b4 c6 24. a4 Qd7 25. Qd4 Qf5 26. Re1 Qe6 27. Kg2 Re8 28. h3 h5 29. Rc1 Qd7 30. Qd3 Kg7 31. Re1 Qe6 32. Re2 Re7 33. Rb2 Rd7 34. Qd4 Kh7 35. Rf2 Qf5 36. Re2 Qe6 37. Qd3 Kg7 38. Rd2 Re7 39. Qf3 Rf7 40. Rf2 Rd7 41. g4 hxg4 42. Qxg4 Qxg4+ 43. hxg4 b6 44. Kf3 c5 45. bxc5 bxc5 46. f5 Rb7 47. Kf4 c4 48. Rd2 gxf5 49. gxf5 c3 50. Rxd5 Rc7 51. Rd1 Rc4+ 52. Ke3 c2 53. Rc1 Kf7 54. a5 Ke7 55. Kd3 Rf4 56. Rxc2 Rxf5 57. Ke4 Rf1 58. Rc7+ 1-0